Eastern Utah Libraries Catalog: Duchesne, Heber, Roosevelt, & Vernal

The naysayers / (Record no. 386042)

MARC details
000 -LEADER
fixed length control field 02606cam a22006378i 4500
001 - CONTROL NUMBER
control field on1341343057
003 - CONTROL NUMBER IDENTIFIER
control field OCoLC
005 - DATE AND TIME OF LATEST TRANSACTION
control field 20230717125221.0
008 - FIXED-LENGTH DATA ELEMENTS--GENERAL INFORMATION
fixed length control field 220817t20232023nyua c 6 000 0 eng
010 ## - LIBRARY OF CONGRESS CONTROL NUMBER
LC control number 2022024079
020 ## - INTERNATIONAL STANDARD BOOK NUMBER
International Standard Book Number 9781665931595
Qualifying information (paperback)
020 ## - INTERNATIONAL STANDARD BOOK NUMBER
International Standard Book Number 1665931590
Qualifying information (paperback)
020 ## - INTERNATIONAL STANDARD BOOK NUMBER
International Standard Book Number 9781665931601
Qualifying information (hardcover)
020 ## - INTERNATIONAL STANDARD BOOK NUMBER
International Standard Book Number 1665931604
Qualifying information (hardcover)
020 ## - INTERNATIONAL STANDARD BOOK NUMBER
Cancelled/invalid ISBN 9781665931618
Qualifying information (ebook)
035 ## - SYSTEM CONTROL NUMBER
System control number (OCoLC)1341343057
Canceled/invalid control number (OCoLC)1330895765
-- (OCoLC)1330896622
040 ## - CATALOGING SOURCE
Original cataloging agency DLC
Language of cataloging eng
Description conventions rda
Transcribing agency DLC
Modifying agency OCLCF
-- UAP
-- JQW
-- YDX
-- BDX
042 ## - AUTHENTICATION CODE
Authentication code pcc
049 ## - LOCAL HOLDINGS (OCLC)
Holding library UOKA
050 00 - LIBRARY OF CONGRESS CALL NUMBER
Classification number PZ7.7.B5535
Item number Nay 2023
082 00 - DEWEY DECIMAL CLASSIFICATION NUMBER
Classification number 741.5/973
Edition number 23/eng/20220817
092 ## - LOCALLY ASSIGNED DEWEY CALL NUMBER (OCLC)
Classification number junior graphic
Item number Black
100 1# - MAIN ENTRY--PERSONAL NAME
Personal name Black, Roan
Relator term author.
9 (RLIN) 6465184
245 14 - TITLE STATEMENT
Title The naysayers /
Statement of responsibility, etc by Roan Black ; illustrated by Roberta Papalia at Glass House Graphics.
246 3# - VARYING FORM OF TITLE
Title proper/short title Guardians of Horsa.
Number of part/section of a work 2,
Name of part/section of a work The naysayers
246 3# - VARYING FORM OF TITLE
Title proper/short title Guardians of Horsa.
Name of part/section of a work The naysayers
250 ## - EDITION STATEMENT
Edition statement First Little Simon edition.
264 #1 - Production, Publication, Distribution, Manufacture, and Copyright Notice.
Place of production, publication, distribution, manufacture New York :
Name of producer, publisher, distributor, manufacturer Little Simon,
Date of production, publication, distribution, manufacture, or copyr 2023.
264 #4 - Production, Publication, Distribution, Manufacture, and Copyright Notice.
Date of production, publication, distribution, manufacture, or copyr �2023
300 ## - PHYSICAL DESCRIPTION
Extent 139 pages :
Other physical details color illustrations ;
Dimensions 24 cm
336 ## - Content Type
Content type term text
336 ## - Content Type
Content type term still image
337 ## - Media type
Media type term unmediated
338 ## - Carrier type
Carrier type term volume
490 ## - SERIES STATEMENT
Series statement Guardians of Horsa ;
Volume number/sequential designation 2
520 ## - SUMMARY, ETC.
Summary, etc The four Guardians continue their mission to find the yearling with a new kind of magic, but find an obstacle in the Naysayers, who are prepared to fight the Guardians to keep them from success.
521 ## - TARGET AUDIENCE NOTE
Target audience note Ages 5-9.
Source Little Simon.
521 ## - TARGET AUDIENCE NOTE
Target audience note Grades K-1.
Source Little Simon.
650 #0 - SUBJECT ADDED ENTRY--TOPICAL TERM
Topical term or geographic name as entry element Horses
Form subdivision Comic books, strips, etc.
9 (RLIN) 5721357
650 #0 - SUBJECT ADDED ENTRY--TOPICAL TERM
Topical term or geographic name as entry element Magic
Form subdivision Comic books, strips, etc.
9 (RLIN) 5676300
650 #0 - SUBJECT ADDED ENTRY--TOPICAL TERM
Topical term or geographic name as entry element Fate and fatalism
Form subdivision Comic books, strips, etc.
9 (RLIN) 5802163
650 #0 - SUBJECT ADDED ENTRY--TOPICAL TERM
Topical term or geographic name as entry element Quests (Expeditions)
Form subdivision Comic books, strips, etc.
9 (RLIN) 5776032
650 #0 - SUBJECT ADDED ENTRY--TOPICAL TERM
Topical term or geographic name as entry element Horses
Form subdivision Juvenile fiction
9 (RLIN) 5674797
650 #0 - SUBJECT ADDED ENTRY--TOPICAL TERM
Topical term or geographic name as entry element Magic
Form subdivision Juvenile fiction
9 (RLIN) 5673690
650 #0 - SUBJECT ADDED ENTRY--TOPICAL TERM
Topical term or geographic name as entry element Fate and fatalism
Form subdivision Juvenile fiction.
9 (RLIN) 5691627
650 #0 - SUBJECT ADDED ENTRY--TOPICAL TERM
Topical term or geographic name as entry element Quests (Expeditions)
Form subdivision Juvenile fiction.
9 (RLIN) 5675013
650 #1 - SUBJECT ADDED ENTRY--TOPICAL TERM
Topical term or geographic name as entry element Horses
Form subdivision Fiction.
9 (RLIN) 5674800
650 #1 - SUBJECT ADDED ENTRY--TOPICAL TERM
Topical term or geographic name as entry element Magic
Form subdivision Fiction.
9 (RLIN) 5673694
650 #1 - SUBJECT ADDED ENTRY--TOPICAL TERM
Topical term or geographic name as entry element Fate and fatalism
Form subdivision Fiction.
9 (RLIN) 5691628
650 #1 - SUBJECT ADDED ENTRY--TOPICAL TERM
Topical term or geographic name as entry element Cartoons and comics
655 #7 - INDEX TERM--GENRE/FORM
Genre/form data or focus term Graphic novels
Source of term lcgft
655 #7 - INDEX TERM--GENRE/FORM
Genre/form data or focus term Fantasy comics
Source of term lcgft
700 1# - ADDED ENTRY--PERSONAL NAME
Personal name Papalia, Roberta
Relator term illustrator.
9 (RLIN) 6406193
776 08 - ADDITIONAL PHYSICAL FORM ENTRY
Display text Online version:
Main entry heading Black, Roan.
Title Naysayers.
Edition First Little Simon edition.
Place, publisher, and date of publication New York : Little Simon, 2023
International Standard Book Number 9781665931618
Record control number (DLC) 2022024080
942 ## - ADDED ENTRY ELEMENTS (KOHA)
Source of classification or shelving scheme Dewey Decimal Classification
Koha item type BOOK
Holdings
Withdrawn status Lost status Source of classification or shelving scheme Damaged status Not for loan Collection code Home library Current library Shelving location Date acquired Source of acquisition Serial Enumeration / chronology Total Checkouts Total Renewals Full call number Barcode Date last seen Date checked out Cost, replacement price Price effective from Koha item type
    Dewey Decimal Classification     Junior Graphic Novels Wasatch County Library Wasatch County Library First Floor 07/17/2023 Amazon #2 Guardians of Horsa 12 9 J GN Black 34301002033688 02/20/2026 12/31/2025 19.99 07/17/2023 BOOK
    Dewey Decimal Classification     Junior Graphic Novels Wasatch County Library Wasatch County Library First Floor 09/19/2023 Micromarketing #2 Guardians of Horsa 8 8 J GN Black 34301002039511 12/23/2025 10/15/2025 19.99 09/19/2023 BOOK
This project was made possible through a grant from the Institute of Museum and Library Service administered by the Utah State Library Division.

Wasatch County Library

  • 465 East 1200 South, Heber City, Utah 84032
  • Phone 435-654-1511 | Fax 435-654-6456

Hours

  • Monday - Friday 9:30 AM - 8:00 PM
  • Saturday 9:30 AM - 1:30 PM
  • Closed Sundays and Holidays